000 00779nam a2200241Ia 4500
005 20260430150547.0
008 008 250103s9999 xx 000 0 eng d
037 _aTheses
040 _aCRL
040 _beng
040 _ceng
041 _2eng
041 _aeng
084 _qCRL
100 _aSharma Shivam Au.; Kapoor Sanjay Gu.; Tyagi Akilesh Kumar Gu.
_91237856
245 0 _aFunctional Characterization of a Calcium-dependent Protein Kinase, OsCPK29, and a General Transcription Factor, OsTFIIB, During Development in Rice
260 _c2024
300 _a257p.
650 _aPlants
700 _aUniversity of Delhi. Faculty of Inter-Disciplinary&Applied Science. Deptt. of Plant Molecular Biology
_91237857
942 _cTH
999 _c1850079
_d1850079